Jokes for the john. (Запис № 514568)

МАРК-запис
000 -LEADER
fixed length control field 01092nam a2200253Ia 4500
001 - CONTROL NUMBER
control field jokesforjohn00newy
003 - CONTROL NUMBER IDENTIFIER
control field CaSfIA
005 - DATE AND TIME OF LATEST TRANSACTION
control field 20210118161426.0
007 - PHYSICAL DESCRIPTION FIXED FIELD--GENERAL INFORMATION
fixed length control field cr||||
008 - FIXED-LENGTH DATA ELEMENTS--GENERAL INFORMATION
fixed length control field 840727s1961 nyua 000 0 eng d
040 ## - CATALOGING SOURCE
Original cataloging agency BGU
Transcribing agency BGU
Modifying agency CaSfIA
035 ## - SYSTEM CONTROL NUMBER
System control number (OCoLC)10991660
082 #4 - DEWEY DECIMAL CLASSIFICATION NUMBER
Classification number 306.7
090 ## - LOCALLY ASSIGNED LC-TYPE CALL NUMBER (OCLC); LOCAL CALL NUMBER (OCLC)
Classification number (OCLC) (R) ; Classification number, CALL (RLIN) (NR) PN6231.S54
Local cutter number (OCLC) ; Book number/undivided call number, CALL (RLIN) J6
245 00 - TITLE STATEMENT
Title Jokes for the john.
Medium [electronic resource]
260 ## - PUBLICATION, DISTRIBUTION, ETC. (IMPRINT)
Place of publication, distribution, etc New York :
Name of publisher, distributor, etc Kanrom,
Date of publication, distribution, etc c1961.
300 ## - PHYSICAL DESCRIPTION
Extent [154] p. :
Other physical details ill. ;
Dimensions 28 cm.
506 ## - RESTRICTIONS ON ACCESS NOTE
Standardized terminology for access restriction Необхідна авторизація на https://archive.org/ (створення облікового запису безкоштовно)
506 ## - RESTRICTIONS ON ACCESS NOTE
Standardized terminology for access restriction Необхідна авторизація на https://openlibrary.org/ (створення облікового запису безкоштовно)
650 #0 - SUBJECT ADDED ENTRY--TOPICAL TERM
Topical term or geographic name as entry element Sex
General subdivision Anecdotes, facetiae, satire, etc.
856 41 - ELECTRONIC LOCATION AND ACCESS
Uniform Resource Identifier <a href="http://www.archive.org/details/jokesforjohn00newy">http://www.archive.org/details/jokesforjohn00newy</a>
Public note Free eBook from the Internet Archive
856 42 - ELECTRONIC LOCATION AND ACCESS
Uniform Resource Identifier <a href="http://www.openlibrary.org/books/OL24211428M">http://www.openlibrary.org/books/OL24211428M</a>
Public note Additional information and access via Open Library
942 ## - ADDED ENTRY ELEMENTS (KOHA)
Koha item type ЕКнига

Немає доступних примірників.